[Event "Hessenliga 1921"]
[Site "Hessen"]
[Date "2019.10.27"]
[Round "2.2"]
[White "Spitzl, Vinzent"]
[Black "Stickler, Roberto"]
[Result "1-0"]
[WhiteElo "2281"]
[BlackElo "2227"]
[PlyCount "135"]
[EventDate "2019.09.22"]
[EventType "team-tourn"]
[EventRounds "9"]
[EventCountry "GER"]
[SourceTitle "EXT 2024"]
[Source "ChessBase"]
[SourceDate "2023.10.10"]
[SourceVersion "1"]
[SourceVersionDate "2023.10.10"]
[SourceQuality "1"]
[WhiteTeam "Griesheim II"]
[BlackTeam "Dettingen"]
[WhiteTeamCountry "GER"]
[BlackTeamCountry "GER"]

1. e4 c5 2. Nf3 e6 3. g3 Nc6 4. Bg2 d6 5. 0-0 Nf6 6. Nc3 a6 7. d4 cxd4 8. Nxd4 Bd7 9. b3 Be7 10. Bb2 Rc8 11. Nce2 Qb6 12. c4 0-0 13. Nxc6 Bxc6 14. Qd3 Rfd8 15. Nd4 Be8 16. Rfd1 Nd7 17. Qe2 Nc5 18. Rac1 Bf8 19. h3 e5 20. Nc2 Qa7 21. Qe3 Qb8 22. Nb4 Bc6 23. Nd5 Bxd5 24. Rxd5 Ne6 25. h4 Be7 26. Rcd1 b5 27. cxb5 axb5 28. Bf1 Nc7 29. R5d2 Qa8 30. Bh3 Ne6 31. f4 d5 32. Kh2 d4 33. Qf3 Bd6 34. fxe5 Bxe5 35. Rf1 Qb7 36. Rdf2 Qe7 37. Qxf7+ Qxf7 38. Rxf7 Rc2+ 39. Kh1 Nc5 40. Ba3 Bf6 41. Rc7 Nxe4 42. Rxc2 Nxg3+ 43. Kg1 Nxf1 44. Bxf1 Bxh4 45. Bxb5 h5 46. Bc4+ Kh7 47. Bd3+ Kg8 48. Bg6 Bg5 49. Bc1 Bf6 50. Bf4 d3 51. Rd2 Rd4 52. Be3 Rg4+ 53. Rg2 Bd4 54. Bxd4 Rxg6 55. Bc3 Rc6 56. Bxg7 Kf7 57. Bd4 Rc1+ 58. Kh2 Rd1 59. Bc3 Rc1 60. Bb4 Rc8 61. Rd2 Rd8 62. Bc3 Ke6 63. Kg3 Kf5 64. Kf3 h4 65. Ke3 h3 66. Bd4 Rg8 67. Kxd3 Rg3+ 68. Kc4 1-0

[Event "Hessenliga 1415"]
[Site "Hessen"]
[Date "2015.02.08"]
[Round "6.2"]
[White "Stickler, Roberto"]
[Black "Jankovic, Alojzije"]
[Result "0-1"]
[WhiteElo "2227"]
[BlackElo "2555"]
[PlyCount "136"]
[EventDate "2014.09.28"]
[EventType "team-tourn"]
[EventRounds "9"]
[EventCountry "GER"]
[SourceTitle "EXT 2016"]
[Source "ChessBase"]
[SourceDate "2015.10.08"]
[SourceVersion "1"]
[SourceVersionDate "2015.10.08"]
[SourceQuality "1"]
[WhiteTeam "Dettingen"]
[BlackTeam "Gelnhausen"]
[WhiteTeamCountry "GER"]
[BlackTeamCountry "GER"]

1. d4 Nf6 2. Bf4 g6 3. e3 d6 4. Nf3 Nh5 5. Bg5 h6 6. Bh4 g5 7. Nfd2 Ng7 8. Bg3 Nf5 9. Bd3 Bg7 10. c3 Nc6 11. Qc2 e6 12. Nf1 Bd7 13. Nbd2 Qe7 14. 0-0-0 0-0-0 15. Re1 h5 16. f3 Nxg3 17. Nxg3 f5 18. Kb1 Rdf8 19. Ne2 Kb8 20. a3 Qf7 21. Bb5 e5 22. Qb3 Qxb3 23. Nxb3 a6 24. Bxc6 Bxc6 25. Na5 Be8 26. d5 h4 27. Nc4 Bb5 28. b3 c6 29. Rd1 Rd8 30. a4 Bxc4 31. bxc4 Rc8 32. e4 fxe4 33. fxe4 cxd5 34. cxd5 Rc4 35. Kc2 Rxe4 36. Kd3 Rxa4 37. Rhf1 Rf8 38. Rxf8+ Bxf8 39. Rf1 Be7 40. Rf7 Bd8 41. Rd7 Bc7 42. Rg7 g4 43. Rh7 Bd8 44. Rd7 Bc7 45. Rh7 Bb6 46. Nc1 Ra1 47. Nb3 Rg1 48. Rxh4 Rxg2 49. Nd2 Bc5 50. Ne4 Ba3 51. c4 Bb4 52. c5 Bxc5 53. Nxc5 dxc5 54. Ke4 c4 55. d6 Rd2 56. Rh8+ Ka7 57. Kxe5 b5 58. Ke6 c3 59. Rc8 b4 60. Rc5 a5 61. d7 Kb6 62. Rc8 a4 63. Rb8+ Kc5 64. Rc8+ Kb5 65. d8Q Rxd8 66. Rxd8 b3 67. Kd5 c2 68. Rc8 b2 0-1

[Event "Hessenliga 1112"]
[Site "Germany"]
[Date "2012.02.12"]
[Round "6.4"]
[White "Kopp, Peter"]
[Black "Stickler, Roberto"]
[Result "1/2-1/2"]
[WhiteElo "2127"]
[BlackElo "2227"]
[PlyCount "42"]
[EventDate "2011.09.25"]
[EventType "team-tourn"]
[EventRounds "9"]
[EventCountry "GER"]
[SourceTitle "EXT 2013"]
[Source "ChessBase"]
[SourceDate "2012.11.22"]
[SourceVersion "1"]
[SourceVersionDate "2012.11.22"]
[SourceQuality "1"]
[WhiteTeam "Hofheim II"]
[BlackTeam "Dettingen"]
[WhiteTeamCountry "GER"]
[BlackTeamCountry "GER"]

1. e4 c6 2. d4 d5 3. exd5 cxd5 4. c4 Nf6 5. Nc3 Nc6 6. cxd5 Nxd5 7. Nf3 e6 8. Bd3 Be7 9. 0-0 0-0 10. Re1 Nf6 11. a3 b6 12. Bf4 Bb7 13. Qd2 Re8 14. Rad1 g6 15. Bc4 Na5 16. Be2 Rc8 17. Ne5 Nd5 18. Nxd5 Qxd5 19. Bf3 Qb5 20. Bxb7 Nxb7 21. Qe3 Nd6 1/2-1/2

[Event "Hessenliga 0910"]
[Site "Germany"]
[Date "2009.11.29"]
[Round "4.3"]
[White "Stickler, Roberto"]
[Black "Waffenschmidt, Joachim"]
[Result "1/2-1/2"]
[WhiteElo "2227"]
[BlackElo "2066"]
[PlyCount "61"]
[EventDate "2009.09.20"]
[EventType "team-tourn"]
[EventRounds "9"]
[EventCountry "GER"]
[SourceTitle "EXT 2011"]
[Source "ChessBase"]
[SourceDate "2010.11.26"]
[SourceVersion "1"]
[SourceVersionDate "2010.11.26"]
[SourceQuality "1"]
[WhiteTeam "Dettingen"]
[BlackTeam "Frankfurt BvK II"]
[WhiteTeamCountry "GER"]
[BlackTeamCountry "GER"]

1. d4 d5 2. Nf3 Nf6 3. e3 Bf5 4. c4 c6 5. cxd5 cxd5 6. Qb3 Qb6 7. Nc3 Qxb3 8. axb3 Nc6 9. Bb5 Bd7 10. Bd2 e6 11. 0-0 Bd6 12. Rfc1 0-0 13. Na4 Ne4 14. Be1 Rfd8 15. Nc5 Nxc5 16. dxc5 Bc7 17. b4 a6 18. Be2 Na7 19. Nd4 e5 20. Nb3 Bb5 21. Kf1 Rac8 22. Rd1 Rd7 23. Bxb5 Nxb5 24. c6 bxc6 25. Rxa6 Bd8 26. Rc1 Rdc7 27. f3 Be7 28. Ke2 f6 29. e4 Kf7 30. Rb6 Nd6 31. Na5 1/2-1/2

[Event "Hessenliga 0708"]
[Site "Germany"]
[Date "2008.02.10"]
[Round "6.1"]
[White "Stickler, Roberto"]
[Black "Gries, Volker"]
[Result "1/2-1/2"]
[WhiteElo "2190"]
[BlackElo "2134"]
[PlyCount "32"]
[EventDate "2007.09.30"]
[EventType "team"]
[EventRounds "9"]
[EventCountry "GER"]
[SourceTitle "EXT 2009"]
[Source "ChessBase"]
[SourceDate "2008.11.26"]
[SourceVersion "1"]
[SourceVersionDate "2008.11.26"]
[SourceQuality "1"]
[WhiteTeam "Dettingen"]
[BlackTeam "Oberursel II"]
[WhiteTeamCountry "GER"]
[BlackTeamCountry "GER"]

1. d4 Nf6 2. Nf3 g6 3. Bf4 Bg7 4. e3 d6 5. Be2 0-0 6. 0-0 b6 7. c4 Bb7 8. Nc3 Nbd7 9. h3 Re8 10. Qc2 e5 11. Bg5 h6 12. Bh4 exd4 13. Nxd4 Nc5 14. Bxf6 Bxf6 15. Bf3 Bxf3 16. Nxf3 Bxc3 1/2-1/2

[Event "Landesliga Nord 0304"]
[Site "Bayern"]
[Date "2004.02.15"]
[Round "6.5"]
[White "Stickler, Roberto"]
[Black "Schmahl, Stephan"]
[Result "1/2-1/2"]
[WhiteElo "2170"]
[BlackElo "2042"]
[PlyCount "140"]
[EventDate "2003.10.??"]
[EventType "team"]
[EventRounds "9"]
[EventCountry "GER"]
[SourceTitle "EXT 2006"]
[Source "ChessBase"]
[SourceDate "2005.11.24"]
[SourceVersion "1"]
[SourceVersionDate "2005.11.24"]
[SourceQuality "1"]
[WhiteTeam "Dettingen"]
[BlackTeam "Neutraubling"]
[WhiteTeamCountry "GER"]
[BlackTeamCountry "GER"]

1. d4 f5 2. g3 Nf6 3. Bg2 g6 4. Nf3 Bg7 5. 0-0 0-0 6. c4 d6 7. Nc3 Qe8 8. d5 Na6 9. Be3 Bd7 10. Qd2 Ng4 11. Bd4 Bh6 12. e3 c5 13. dxc6 bxc6 14. h3 Nxf2 15. Qxf2 e5 16. Rfe1 exd4 17. exd4 Qf7 18. c5 Qf6 19. Qe2 Bc8 20. cxd6 Qxd6 21. Qc4+ Kg7 22. Ne5 Nb4 23. Nxc6 Nxc6 24. Qxc6 Qxc6 25. Bxc6 Rb8 26. Na4 Bg5 27. b3 Bf6 28. Rad1 Rb4 29. d5 Rd8 30. Kg2 Rd6 31. Rc1 Rd4 32. Rcd1 Rxd1 33. Rxd1 Be5 34. b4 Kf6 35. b5 Rd8 36. b6 axb6 37. Nxb6 f4 38. g4 h5 39. Nxc8 Rxc8 40. gxh5 gxh5 41. a4 Rg8+ 42. Kf2 Ke7 43. Rd3 Rg3 44. Rf3 Bd4+ 45. Ke2 Rg2+ 46. Kd3 Be5 47. Bb5 Kf6 48. Ke4 Rg1 49. Bf1 Rg8 50. a5 Rb8 51. Ra3 Rb4+ 52. Kf3 Bb8 53. a6 Ba7 54. d6 Ke6 55. Rd3 Kd7 56. h4 Rd4 57. Rxd4 Bxd4 58. Kxf4 Kxd6 59. Kf5 Ke7 60. Kg6 Kf8 61. Kh7 Kf7 62. Be2 Bc5 63. Bxh5+ Kf8 64. Be2 Kf7 65. Bc4+ Kf6 66. h5 Bd4 67. h6 Kg5 68. Bf7 Bc5 69. Kg7 Bd4+ 70. Kh7 Bc5 1/2-1/2

[Event "Landesliga Nord 0304"]
[Site "Bayern"]
[Date "2003.10.12"]
[Round "1.5"]
[White "Stickler, Roberto"]
[Black "Opitz, Alexander"]
[Result "1-0"]
[WhiteElo "2170"]
[BlackElo "2035"]
[PlyCount "81"]
[EventDate "2003.10.??"]
[EventType "team"]
[EventRounds "9"]
[EventCountry "GER"]
[SourceTitle "EXT 2006"]
[Source "ChessBase"]
[SourceDate "2005.11.24"]
[SourceVersion "1"]
[SourceVersionDate "2005.11.24"]
[SourceQuality "1"]
[WhiteTeam "Dettingen"]
[BlackTeam "Bindlach"]
[WhiteTeamCountry "GER"]
[BlackTeamCountry "GER"]

1. d4 d5 2. Nf3 c6 3. Bf4 Nf6 4. e3 Bf5 5. Be2 e6 6. 0-0 Be7 7. c4 Nbd7 8. Nc3 h6 9. h3 0-0 10. a3 Re8 11. b4 Ne4 12. Nxe4 Bxe4 13. cxd5 cxd5 14. Nd2 Bg6 15. Rc1 Rc8 16. Nb3 Qb6 17. Nc5 Nxc5 18. dxc5 Qd8 19. Qa4 a5 20. Qb5 axb4 21. axb4 f6 22. Bg4 Bf7 23. Bg3 h5 24. Bf3 e5 25. Rfd1 Bf8 26. Bxd5 Bxd5 27. e4 Bc6 28. Qc4+ Kh8 29. Rxd8 Rexd8 30. f3 Rd4 31. Qb3 Bb5 32. Bf2 Rd3 33. Qf7 b6 34. Qb7 Rdd8 35. c6 Bxb4 36. c7 Re8 37. Qxb6 Ba3 38. Rd1 Be2 39. Rd8 Kh7 40. Rxc8 Rxc8 41. Qb7 1-0

[Event "Landesliga Nord 0203"]
[Site "Bayern"]
[Date "2002.10.20"]
[Round "1.3"]
[White "Kreuzer, Helmut"]
[Black "Stickler, Roberto"]
[Result "0-1"]
[WhiteElo "2190"]
[BlackElo "2193"]
[PlyCount "58"]
[EventDate "2002.10.20"]
[EventType "team"]
[EventRounds "9"]
[EventCountry "GER"]
[SourceTitle "EXT 2004"]
[Source "ChessBase"]
[SourceDate "2003.11.25"]
[SourceVersion "1"]
[SourceVersionDate "2003.11.25"]
[SourceQuality "1"]
[WhiteTeam "Kelheim"]
[BlackTeam "Dettingen"]
[WhiteTeamCountry "GER"]
[BlackTeamCountry "GER"]

1. d4 Nf6 2. c4 e6 3. Nc3 d5 4. Bg5 Be7 5. e3 0-0 6. Nf3 Nbd7 7. cxd5 exd5 8. Bd3 c6 9. 0-0 Re8 10. Qc2 Nf8 11. Rfc1 Ng4 12. Bxe7 Qxe7 13. Rab1 Qd6 14. Ne2 Ng6 15. Ng3 Qf6 16. b4 a6 17. a4 Nh4 18. Nxh4 Qxh4 19. h3 Nxe3 20. Re1 Bxh3 21. Rxe3 Rxe3 22. gxh3 Rxg3+ 23. fxg3 Qxg3+ 24. Kf1 Re8 25. Bxh7+ Kh8 26. Bf5 g6 27. Bg4 f5 28. Qd2 Kg7 29. Be2 Re4 0-1

[Event "Landesliga Nord 0102"]
[Site "Bayern"]
[Date "2002.04.28"]
[Round "9.3"]
[White "Oehrlein, Thomas"]
[Black "Stickler, Roberto"]
[Result "1/2-1/2"]
[WhiteElo "2160"]
[BlackElo "2165"]
[PlyCount "66"]
[EventDate "2001.10.07"]
[EventType "team"]
[EventRounds "9"]
[EventCountry "GER"]
[SourceTitle "EXT 2003"]
[Source "ChessBase"]
[SourceDate "2002.11.25"]
[SourceVersion "1"]
[SourceVersionDate "2002.11.25"]
[SourceQuality "1"]
[WhiteTeam "Bamberg II"]
[BlackTeam "Dettingen"]
[WhiteTeamCountry "GER"]
[BlackTeamCountry "GER"]

1. e4 c6 2. d4 d5 3. e5 Bf5 4. g4 Be4 5. f3 Bg6 6. e6 Qd6 7. exf7+ Bxf7 8. Bd3 Nd7 9. Qe2 0-0-0 10. Nh3 e5 11. Bf5 e4 12. Bf4 exf3 13. Bxd6 fxe2 14. Bg3 Be7 15. g5 Re8 16. Nd2 Bg6 17. Bg4 Bd8 18. Nf3 Ne7 19. Ne5 Nf5 20. Nf4 Nxe5 21. dxe5 Kb8 22. e6 Bc7 23. Kd2 Nxg3 24. hxg3 Bxf4+ 25. gxf4 Rhf8 26. Ke3 Bxc2 27. Rae1 d4+ 28. Kd2 Rxf4 29. Bxe2 Be4 30. Rhf1 Rxf1 31. Bxf1 Rxe6 32. Bh3 Re8 33. Bf5 Bxf5 1/2-1/2